000 01757nam a2200517 i 4500
001 5661
003 KOSZ 005
005 20190807095455.0
008 030819s1992 pl f |000 0 pol
015 _aPB 2003/14029
020 _a8385575014
035 _a991019579789705066
035 _a(PL-WaBN)b1530694x-48omnis_nlop
035 _ab1530694x
035 _a(OCoLC)830371331
035 _a(PL)b0000001530694
035 _a(EXLNZ-48OMNIS_NETWORK)9910385766105606
040 _aWA N
_cWA N
_dKOSZ 005/EG
041 0 _apol
046 _k1989
080 _a347.7(438)
080 _a(075.8)
245 1 0 _aZarys prawa spółek /
_cAndrzej Jakubecki [et al.] ; pod red. Ryszarda Skubisza.
250 _a(Wyd. 2. rozsz. i popr.), stan prawa, literatury i orzecznictwa na dzień 1 lutego 1992 roku.
260 _aLublin :
_bLubelskie Wydawnictwa Prawnicze,
_c1992.
300 _a287, [1] s. ;
_c24 cm.
336 _2rdacontent
_aTekst
_btxt
337 _2rdamedia
_aBez urządzenia pośredniczącego
_bn
338 _2rdacarrier
_aWolumin
_bnc
380 _aKsiążki
380 _aPublikacje dydaktyczne
385 _mPoziom nauczania
_aSzkoły wyższe
388 _a1901-2000
388 _a1989-2000
650 7 _aSpółki
_2DBN
650 7 _aPrawo
651 7 _aPolska
655 7 _aPodręczniki akademickie
_2DBN
658 _aPrawo i wymiar sprawiedliwości
700 1 _aJakubecki, Andrzej
_d(1958- )
_eAutor
700 1 _aSkubisz, Ryszard
_d(1950- )
_eRedakcja
710 2 _aLubelskie Wydawnictwa Prawnicze
_4pbl
856 _uhttp://koha.tu.koszalin.pl/cgi-bin/koha/opac-detail.pl?biblionumber=5661
_yKatalog online BPK
942 _2UKD
_cKS
999 _c5661
_d5661